logo

Bir Sreshtho Munshi Abdur Rouf Library
Jhenaidah Cadet College

গণপ্রজাতন্ত্রী বাংলাদেশের সংবিধান / (Record no. 11431)

MARC details
000 -LEADER
fixed length control field 00964nam a2200217 a 4500
001 - CONTROL NUMBER
JCCL Control Number 11431
003 - CONTROL NUMBER IDENTIFIER
JCCL marc code BD-JhCC
005 - DATE AND TIME OF LATEST TRANSACTION
control field 20210329134019.0
008 - FIXED-LENGTH DATA ELEMENTS--GENERAL INFORMATION
fixed length control field 190914s2016 bg |||| |||| 000 0 mul d
035 ## - SYSTEM CONTROL NUMBER
system control number (BD-JhCC)11431
040 ## - CATALOGING SOURCE
Original cataloging agency BD-JhCC
Modifying agency BD-JhCC
041 ## - LANGUAGE CODE
Language code of Book English and Bangla
082 ## - DEWEY DECIMAL CLASSIFICATION NUMBER
Classification number 342.95492
Author mark and Year GNO 2016
110 ## - MAIN ENTRY--CORPORATE NAME
Corporate name or jurisdiction name as entry element আইন ও বিচার বিষয়ক মন্ত্রণালয়
245 ## - TITLE STATEMENT
Title গণপ্রজাতন্ত্রী বাংলাদেশের সংবিধান /
Statement of responsibility, etc আইন ও বিচার বিষয়ক মন্ত্রণালয়
260 ## - PUBLICATION, DISTRIBUTION, ETC. (IMPRINT)
Place of publication, distribution, etc ঢাকা :
Name of publisher, distributor, etc আইন ও বিচার বিষয়ক মন্ত্রণালয়,
Date of publication, distribution, etc ২০১৬.
300 ## - PHYSICAL DESCRIPTION
Pagination ২২৫ পৃ. :
Dimensions ২৩ সেমি.
650 ## - SUBJECT ADDED ENTRY--TOPICAL TERM
Topical term or geographic name as entry element Constitution
Geographic subdivision Bangladesh
710 ## - ADDED ENTRY--CORPORATE NAME
Corporate name or jurisdiction name as entry element আইন ও বিচার বিষয়ক মন্ত্রণালয়
942 ## - ADDED ENTRY ELEMENTS (KOHA)
Source of classification or shelving scheme Dewey Decimal Classification
Koha item type Books
Koha issues (borrowed), all copies 2
Holdings
Source of classification or shelving scheme Damaged status Not for loan Home library Current library Shelving location Date of accession Cost, normal purchase price Total Checkouts Full call number Barcode Date last seen Date checked out Copy number Koha item type
Dewey Decimal Classification     JCC Rouf Library JCC Rouf Library General Stacks 06/23/2019 240.00 1 342.95492 GNO 2016 15293 04/04/2021 03/28/2021 C-1 Books

JCC Library | Contacts | JCC Home

Last Update on 23 September 2017
Copyright @ 2017-2020 JCC Rouf Library
Rouf Library, Jhenidah Cadet College (JCC), Bangladesh